000 01210nam a22002417a 4500
001 5587
003 FISKH
005 20241219110510.0
008 241219b cb ||||| |||| 00| 0 eng d
020 _a9780521701532
040 _aFISKH
_beng
_cFISKH
_dFISKH
050 _aJC423.T5
082 _a321.8
100 _aTilly, Charles
245 _aDemocracy /
_cby Charles Tilly
250 _aFirst published 2007
260 _aNew York :
_bCambridge University Press ;
_c2007.
300 _a234 pages :
_billustrations ;
_c24 cm .
520 _aDemocracy identifies the general processes causing democratization and de-democratization at a national level across the world over the last few hundred years. It singles out integration of trust networks into public politics, insulation of public politics from categorical inequality, and suppression of autonomous coercive power centres as crucial processes. Through analytic narratives and comparisons of multiple regimes, mostly since World War II, this book makes the case for recasting current theories of democracy, democratization and de-democratization. â–¾Members
650 _ademocratization
_vNon-fiction
942 _2ddc
_cBK
_n0
999 _c5587
_d5587